| 000 | 00628cam a22001457a 4500 | ||
|---|---|---|---|
| 008 | 180718b1998 xxu||||| |||| 00| 0 eng d | ||
| 082 | _aA81x54 91/4/PT 5A&5B/D | ||
| 100 | _aCensus of India 1991 | ||
| 245 | _aAssam: migration tables | ||
| 260 |
_aDelhi _bThe Controller of Publications _c1998 |
||
| 300 | _a2 vols. | ||
| 440 | _aCensus of India 1991. Series-4, Assam. Part VA & VB - D series | ||
| 500 | _aContents: v.1. 1255+p. Tables D-1, D-2, D-3, D-4, D-5, D-6, D-7, D-8, D-9, D-10, D-11(S), D-11(F), D-12, D-13 and D-14;v.2. 1309+p. Tables D-15, D-16(A), D-16(B) and D-17 | ||
| 650 | _aAssam - Migration, Internal - Census | ||
| 999 |
_c487861 _d487861 |
||